[Event "De Verteuil Memorial 26th"]
[Site "Port of Spain"]
[Date "2018.10.25"]
[Round "4"]
[White "Primus, Prince"]
[Black "Lee, Cecil"]
[Result "0-1"]
[WhiteElo "1522"]
[BlackElo "1782"]
[PlyCount "46"]
[EventDate "2018.10.04"]
[EventType "swiss"]
[EventRounds "7"]
[EventCountry "TRI"]
[SourceTitle "CBM 187 Extra"]
[Source "ChessBase"]
[SourceDate "2018.11.04"]
[SourceVersion "1"]
[SourceVersionDate "2018.11.04"]
[SourceQuality "1"]

1. e4 c5 2. Nf3 Nc6 3. d4 cxd4 4. Nxd4 g6 5. Be3 Bg7 6. Nc3 Nf6 7. Be2 0-0 8. 0-0 d5 9. exd5 Nxd5 10. Nxd5 Qxd5 11. Bf3 Qa5 12. Nxc6 bxc6 13. c3 Rb8 14. Qc2 Bf5 15. Qe2 Rfd8 16. Rfd1 Rxd1+ 17. Qxd1 Rxb2 18. Bxc6 Bxc3 19. Qa4 Qxa4 20. Bxa4 Bb1 21. Bb3 Rxb3 22. axb3 Bxa1 23. Bxa7 e5 0-1

[Event "Port of Spain Knights op 45th"]
[Site "Port of Spain"]
[Date "2018.04.19"]
[Round "3"]
[White "Soverall, Peter"]
[Black "Lee, Cecil"]
[Result "0-1"]
[WhiteElo "1572"]
[BlackElo "1831"]
[PlyCount "94"]
[EventDate "2018.04.05"]
[EventType "swiss"]
[EventRounds "7"]
[EventCountry "TRI"]
[SourceTitle "CBM 184 Extra"]
[Source "ChessBase"]
[SourceDate "2018.06.28"]
[SourceVersion "1"]
[SourceVersionDate "2018.06.28"]
[SourceQuality "1"]

1. d4 Nf6 2. c4 g6 3. Nc3 Bg7 4. e4 d6 5. Be2 c6 6. Bg5 Nbd7 7. Qd2 h6 8. Be3 Qa5 9. h3 a6 10. a3 Qc7 11. Nf3 c5 12. d5 Rb8 13. a4 Qa5 14. 0-0 Ng8 15. Rfc1 Ngf6 16. Qc2 0-0 17. Bf1 Ne8 18. Bd2 Qd8 19. Rab1 Kh7 20. Re1 Ne5 21. Nxe5 dxe5 22. Be3 Qc7 23. Qd2 g5 24. b4 cxb4 25. Rxb4 Qa5 26. Reb1 Qc7 27. Bb6 Qd7 28. c5 Nf6 29. a5 g4 30. h4 g3 31. Qe3 gxf2+ 32. Qxf2 Ng4 33. Qf5+ Qxf5 34. exf5 Bxf5 35. Be2 Bxb1 36. Bxg4 f5 37. Bh5 Bd3 38. d6 exd6 39. cxd6 e4 40. Nd5 Bb5 41. Nf4 Be5 42. Bg6+ Kg8 43. Bc7 Bxf4 44. h5 Rbc8 45. Rb1 Rxc7 46. dxc7 Bxc7 47. Ra1 e3 0-1

[Event "Port of Spain Knights op 45th"]
[Site "Port of Spain"]
[Date "2018.04.12"]
[Round "2"]
[White "Lee, Cecil"]
[Black "Singh, Ravishen"]
[Result "0-1"]
[WhiteElo "1831"]
[BlackElo "2002"]
[PlyCount "84"]
[EventDate "2018.04.05"]
[EventType "swiss"]
[EventRounds "7"]
[EventCountry "TRI"]
[SourceTitle "CBM 184 Extra"]
[Source "ChessBase"]
[SourceDate "2018.06.28"]
[SourceVersion "1"]
[SourceVersionDate "2018.06.28"]
[SourceQuality "1"]

1. c4 Nf6 2. Nc3 g6 3. g3 Bg7 4. Bg2 0-0 5. d3 d6 6. Rb1 a5 7. a3 c6 8. Nf3 Na6 9. 0-0 Bg4 10. h3 Bd7 11. b4 axb4 12. axb4 Qc8 13. Kh2 Ng4+ 14. hxg4 Bxc3 15. Bh6 Bg7 16. Bxg7 Kxg7 17. g5 Rh8 18. Qd2 h6 19. Qc3+ Kg8 20. Kg1 Bh3 21. Qd2 hxg5 22. Nxg5 Bxg2 23. Kxg2 f6 24. Rh1 Rxh1 25. Rxh1 Nc7 26. Nf3 Qf8 27. d4 Qg7 28. e4 b6 29. d5 c5 30. Rb1 Qf8 31. bxc5 bxc5 32. Rb7 Na6 33. e5 fxe5 34. Ng5 Nb4 35. Ne6 Qf6 36. Qh6 Nd3 37. Qe3 e4 38. Qxe4 Qxf2+ 39. Kh3 Qf1+ 40. Kh4 Qf6+ 41. Ng5 Ne5 42. Qf4 Qh8+ 0-1

[Event "Port of Spain op"]
[Site "Port of Spain"]
[Date "2017.08.31"]
[Round "7"]
[White "James, Shemilah"]
[Black "Lee, Cecil"]
[Result "1/2-1/2"]
[WhiteElo "1485"]
[BlackElo "1836"]
[PlyCount "109"]
[EventDate "2017.08.27"]
[EventType "swiss"]
[EventRounds "9"]
[EventCountry "TRI"]
[SourceTitle "CBM 180 Extra"]
[Source "ChessBase"]
[SourceDate "2017.10.06"]
[SourceVersion "1"]
[SourceVersionDate "2017.10.06"]
[SourceQuality "1"]

1. e4 c5 2. Nf3 Nc6 3. d4 cxd4 4. Nxd4 g6 5. Nc3 Bg7 6. Be3 Nf6 7. Bc4 Qa5 8. 0-0 0-0 9. Bb3 d6 10. h3 Bd7 11. a3 Nxd4 12. Bxd4 Bc6 13. Bxf6 Bxf6 14. Qd3 Bg7 15. Rab1 Bxc3 16. Qxc3 Qxc3 17. bxc3 a5 18. Bd5 Rfc8 19. c4 e6 20. Bxc6 Rxc6 21. Rxb7 Rxc4 22. Rb6 Rxc2 23. Rxd6 Re2 24. Rd4 Rb8 25. Rc4 Rbb2 26. Ra4 Ra2 27. Rxa5 Rxe4 28. Ra7 Kg7 29. Kh2 Ree2 30. Kg3 Reb2 31. Kh2 Rb3 32. a4 Rba3 33. Re1 Rxa4 34. Rxa4 Rxa4 35. Kg3 Kf6 36. Re3 e5 37. Rb3 h5 38. Rb6+ Kf5 39. Rb3 h4+ 40. Kf3 g5 41. Rc3 f6 42. Rb3 Rd4 43. Ke3 Ra4 44. Kf3 Ra1 45. Re3 Ra4 46. Rb3 g4+ 47. hxg4+ Rxg4 48. Rb5 Ra4 49. Rb3 Kg5 50. Rb6 Rf4+ 51. Ke3 Ra4 52. Kf3 Kf5 53. Rb3 Rf4+ 54. Ke3 Kg4 55. Rb1 1/2-1/2

[Event "Port of Spain op"]
[Site "Port of Spain"]
[Date "2017.08.29"]
[Round "4"]
[White "Lee, Cecil"]
[Black "Soondarsingh, Dev"]
[Result "0-1"]
[WhiteElo "1836"]
[BlackElo "1951"]
[PlyCount "49"]
[EventDate "2017.08.27"]
[EventType "swiss"]
[EventRounds "9"]
[EventCountry "TRI"]
[SourceTitle "CBM 180 Extra"]
[Source "ChessBase"]
[SourceDate "2017.10.06"]
[SourceVersion "1"]
[SourceVersionDate "2017.10.06"]
[SourceQuality "1"]

1. c4 c6 2. g3 Nf6 3. Bg2 d5 4. Nf3 g6 5. 0-0 Bg7 6. cxd5 cxd5 7. d4 0-0 8. Nc3 Ne4 9. Qb3 Nxc3 10. bxc3 Nc6 11. Nd2 e6 12. Ba3 Re8 13. e4 Na5 14. Qc2 b6 15. exd5 exd5 16. Rfe1 Bf5 17. Qd1 Qd7 18. Qf3 Qa4 19. Bd6 Rxe1+ 20. Rxe1 Qxa2 21. Nf1 Be4 22. Qe2 Qxe2 23. Rxe2 Bxg2 24. Kxg2 Nc4 25. Bf4 0-1

[Event "Port of Spain op 44th"]
[Site "Port of Spain"]
[Date "2017.05.04"]
[Round "3"]
[White "Cupid, Kevin"]
[Black "Lee, Cecil"]
[Result "1-0"]
[WhiteElo "2147"]
[BlackElo "1834"]
[PlyCount "57"]
[EventDate "2017.04.20"]
[EventType "swiss"]
[EventRounds "7"]
[EventCountry "TRI"]
[SourceTitle "EXT 2018"]
[Source "ChessBase"]
[SourceDate "2017.10.13"]
[SourceVersion "1"]
[SourceVersionDate "2017.10.13"]
[SourceQuality "1"]

1. d4 Nf6 2. c4 e6 3. Nc3 d5 4. cxd5 exd5 5. Bg5 Nbd7 6. e3 c6 7. Bd3 Be7 8. Qc2 0-0 9. Nge2 Re8 10. h3 Nf8 11. 0-0-0 a5 12. Kb1 b5 13. f3 a4 14. e4 b4 15. Bxf6 bxc3 16. Bxe7 Rxe7 17. Nxc3 a3 18. b3 Rb7 19. Ka1 Qa5 20. Rhe1 Be6 21. f4 dxe4 22. Nxe4 Bd5 23. Nc5 Rb6 24. f5 Qb4 25. Be4 Re8 26. Re3 Kh8 27. Qc1 h6 28. f6 g6 29. Bxd5 1-0

[Event "De Verteuil Memorial 24th"]
[Site "Port of Spain"]
[Date "2016.10.20"]
[Round "3"]
[White "Lee, Hayden"]
[Black "Lee, Cecil"]
[Result "1-0"]
[WhiteElo "1872"]
[BlackElo "1827"]
[PlyCount "73"]
[EventDate "2016.10.06"]
[EventType "swiss"]
[EventRounds "7"]
[EventCountry "TRI"]
[SourceTitle "EXT 2018"]
[Source "ChessBase"]
[SourceDate "2017.10.13"]
[SourceVersion "1"]
[SourceVersionDate "2017.10.13"]
[SourceQuality "1"]

1. d4 d5 2. Nf3 e6 3. e3 Nf6 4. Bd3 c5 5. b3 Nc6 6. a3 Bd6 7. Bb2 cxd4 8. exd4 0-0 9. 0-0 b6 10. Nbd2 Bb7 11. Ne5 Qc7 12. f4 Ne7 13. Qf3 Rac8 14. Rae1 Ne4 15. Re2 f5 16. g4 Bxe5 17. fxe5 g6 18. Qh3 Nxd2 19. Rxd2 fxg4 20. Qxg4 Nf5 21. Rdf2 Qg7 22. h4 Rc7 23. Rg2 Rcf7 24. Bc1 Bc8 25. h5 Ne7 26. Bf4 Rf5 27. hxg6 hxg6 28. Bxf5 exf5 29. Qe2 Be6 30. Rf3 Kf7 31. Bg5 Ng8 32. Rh2 Ke8 33. Rfh3 Rf7 34. Rh8 Kd7 35. Qa6 Kc6 36. R2h3 Rb7 37. Rc3+ 1-0

[Event "Port of Spain op"]
[Site "Port of Spain"]
[Date "2016.08.04"]
[Round "9"]
[White "Sealy, Gerard"]
[Black "Lee, Cecil"]
[Result "1/2-1/2"]
[WhiteElo "1447"]
[BlackElo "1863"]
[PlyCount "67"]
[EventDate "2016.07.29"]
[EventType "swiss"]
[EventRounds "9"]
[EventCountry "TRI"]
[SourceTitle "EXT 2017"]
[Source "ChessBase"]
[SourceDate "2016.10.25"]
[SourceVersion "1"]
[SourceVersionDate "2016.10.25"]
[SourceQuality "1"]

1. e4 c5 2. Nf3 g6 3. d3 Bg7 4. g3 Nc6 5. Bg2 Nf6 6. Nbd2 0-0 7. c3 d6 8. 0-0 Rb8 9. Re1 Ne5 10. Nf1 Bg4 11. Ne3 Bxf3 12. Bxf3 Nxf3+ 13. Qxf3 Nd7 14. Ng4 Ne5 15. Nxe5 dxe5 16. Be3 Qxd3 17. Qd1 Qb5 18. Qe2 Qc6 19. Qc4 Rbc8 20. Red1 e6 21. f3 b6 22. Rd2 Rfd8 23. Rad1 Rxd2 24. Rxd2 Bf6 25. a4 a6 26. Qxa6 Ra8 27. Qb5 Qxb5 28. axb5 Rd8 29. Rxd8+ Bxd8 30. c4 f5 31. Kg2 g5 32. g4 Kf7 33. Kf1 Kg6 34. Ke2 1/2-1/2

[Event "Port of Spain op"]
[Site "Port of Spain"]
[Date "2016.08.02"]
[Round "7"]
[White "Sookraj, Druva"]
[Black "Lee, Cecil"]
[Result "0-1"]
[WhiteElo "1497"]
[BlackElo "1863"]
[PlyCount "92"]
[EventDate "2016.07.29"]
[EventType "swiss"]
[EventRounds "9"]
[EventCountry "TRI"]
[SourceTitle "EXT 2023"]
[Source "ChessBase"]
[SourceDate "2022.10.05"]
[SourceVersion "1"]
[SourceVersionDate "2022.10.05"]
[SourceQuality "1"]

1. e4 c5 2. c3 g6 3. d4 cxd4 4. cxd4 d5 5. e5 Bg7 6. h3 Nc6 7. Nf3 Nh6 8. Bb5 0-0 9. Bxc6 bxc6 10. Bxh6 Bxh6 11. 0-0 Qb6 12. b3 e6 13. g4 c5 14. Nc3 Bd7 15. Rb1 Rfc8 16. g5 cxd4 17. Na4 Qb4 18. gxh6 d3 19. Nb2 Qf4 20. Nxd3 Qxh6 21. h4 Rc3 22. Ng5 Bb5 23. Qf3 Rf8 24. Rbd1 Qxh4 25. Nh3 Qe4 26. Ng5 Qxf3 27. Nxf3 Bxd3 28. Rfe1 Rfc8 29. Re3 Be4 30. Rxc3 Rxc3 31. Nd4 h5 32. Nb5 Rh3 33. Kf1 Bf3 34. Ke1 Rh1+ 35. Kd2 Rxd1+ 36. Ke3 Be4 37. Nxa7 h4 38. f3 Rd3+ 39. Kf4 Rxf3+ 40. Kg5 h3 41. a4 h2 42. Nc6 h1Q 43. Ne7+ Kg7 44. Nf5+ Rxf5+ 45. Kg4 Qg2+ 46. Kh4 Rh5# 0-1

[Event "Port of Spain op"]
[Site "Port of Spain"]
[Date "2016.08.01"]
[Round "5"]
[White "Yearwood, Sean"]
[Black "Lee, Cecil"]
[Result "1-0"]
[WhiteElo "1635"]
[BlackElo "1863"]
[PlyCount "55"]
[EventDate "2016.07.29"]
[EventType "swiss"]
[EventRounds "9"]
[EventCountry "TRI"]
[SourceTitle "EXT 2017"]
[Source "ChessBase"]
[SourceDate "2016.10.25"]
[SourceVersion "1"]
[SourceVersionDate "2016.10.25"]
[SourceQuality "1"]

1. e4 c5 2. c3 g6 3. d4 cxd4 4. cxd4 d5 5. e5 Bg7 6. Nf3 Nh6 7. Nc3 Nc6 8. Bd3 0-0 9. 0-0 a6 10. a3 Bg4 11. Be2 e6 12. Bg5 Qb6 13. Na4 Qa7 14. Nc5 Bxf3 15. Bxf3 Nxe5 16. dxe5 Qxc5 17. g4 Rfc8 18. Qd2 Qf8 19. Rac1 Kh8 20. Be2 Ng8 21. f4 Ne7 22. Qb4 f6 23. Rxc8 Rxc8 24. exf6 Bxf6 25. Qxb7 h6 26. Kh1 Rb8 27. Bxf6+ Qxf6 28. Qxb8+ 1-0

[Event "Port of Spain Knights op"]
[Site "Port of Spain"]
[Date "2015.04.30"]
[Round "3"]
[White "Lee, Cecil"]
[Black "Cobham, Marcus"]
[Result "1/2-1/2"]
[WhiteElo "1928"]
[BlackElo "2046"]
[PlyCount "57"]
[EventDate "2015.04.16"]
[EventType "swiss"]
[EventRounds "7"]
[EventCountry "TRI"]
[SourceTitle "EXT 2016"]
[Source "ChessBase"]
[SourceDate "2015.10.08"]
[SourceVersion "1"]
[SourceVersionDate "2015.10.08"]
[SourceQuality "1"]

1. d4 f5 2. g3 Nf6 3. Bg2 e6 4. Nf3 Be7 5. 0-0 0-0 6. c4 d5 7. b3 Ne4 8. Bb2 Nc6 9. e3 a5 10. a3 b6 11. Qc2 Bb7 12. cxd5 exd5 13. Nbd2 Bd6 14. Ne5 Ne7 15. f3 Nxd2 16. Qxd2 Bxe5 17. dxe5 c5 18. f4 Qc7 19. Rac1 Rad8 20. Rfd1 Qd7 21. Qc3 Qe6 22. Rd2 Rd7 23. Rcd1 Rfd8 24. Qc2 Qh6 25. h4 Qe6 26. Kf2 g6 27. Bf3 h5 28. Bg2 Kf7 29. Kg1 1/2-1/2

[Event "De Verteuil Memorial 22nd"]
[Site "Port of Spain"]
[Date "2014.12.04"]
[Round "7"]
[White "Lee, Cecil"]
[Black "Lee, Hayden"]
[Result "1-0"]
[WhiteElo "1933"]
[BlackElo "1861"]
[PlyCount "69"]
[EventDate "2014.10.16"]
[EventType "swiss"]
[EventRounds "7"]
[EventCountry "TRI"]
[SourceTitle "EXT 2016"]
[Source "ChessBase"]
[SourceDate "2015.10.08"]
[SourceVersion "1"]
[SourceVersionDate "2015.10.08"]
[SourceQuality "1"]

1. d4 Nf6 2. g3 d5 3. Bg2 Bf5 4. Nf3 Nc6 5. a3 g6 6. Nbd2 Qc8 7. c4 Bh3 8. 0-0 h5 9. cxd5 Nxd5 10. e4 Nb6 11. d5 Nb8 12. Qc2 h4 13. b4 Bxg2 14. Kxg2 hxg3 15. fxg3 Qh3+ 16. Kg1 Bg7 17. Bb2 Bxb2 18. Qxb2 N8d7 19. Rac1 Rc8 20. Nc4 Qh6 21. Qd4 g5 22. Nxb6 Nxb6 23. Rc2 Rg8 24. Ne5 f6 25. Ng4 Qg6 26. Ne3 Nd7 27. Nf5 b6 28. Rc6 g4 29. Re6 Rg7 30. d6 Rh7 31. Rxe7+ Kf8 32. Rxh7 Qxh7 33. dxc7 Kg8 34. Qd6 Kh8 35. Rd1 1-0

[Event "De Verteuil Memorial 21st"]
[Site "Port of Spain"]
[Date "2013.11.21"]
[Round "6"]
[White "Lee, Cecil"]
[Black "James, Kevin"]
[Result "1-0"]
[WhiteElo "1909"]
[BlackElo "1886"]
[PlyCount "69"]
[EventDate "2013.10.17"]
[EventType "swiss"]
[EventRounds "7"]
[EventCountry "TRI"]
[SourceTitle "CBM 157 Extra"]
[Source "ChessBase"]
[SourceDate "2013.12.19"]
[SourceVersion "1"]
[SourceVersionDate "2013.12.19"]
[SourceQuality "1"]

1. c4 e6 2. Nc3 c6 3. d4 d5 4. e3 Nf6 5. Nf3 Nbd7 6. Bd3 Bd6 7. 0-0 0-0 8. b3 Re8 9. Bb2 e5 10. dxe5 Nxe5 11. Nxe5 Bxe5 12. cxd5 cxd5 13. Be2 Qd6 14. g3 Bh3 15. Re1 a6 16. Bf3 Rad8 17. Na4 b5 18. Bxe5 Rxe5 19. Nb2 h5 20. Nd3 Rg5 21. Nf4 Bg4 22. Bxg4 hxg4 23. Qd4 Nd7 24. Nd3 Qh6 25. Rac1 Rh5 26. Qxg4 Rxh2 27. Qf3 Re8 28. Rc7 Nf6 29. Rec1 Re6 30. Nf4 Re5 31. R1c6 Rf5 32. g4 Qg5 33. Rxf6 Rxf6 34. Kxh2 Qh4+ 35. Kg1 1-0

[Event "TRI-ch"]
[Site "Port of Spain"]
[Date "2013.09.21"]
[Round "8"]
[White "Winter Atwell, Adrian"]
[Black "Lee, Cecil"]
[Result "1-0"]
[WhiteElo "2051"]
[BlackElo "1951"]
[PlyCount "87"]
[EventDate "2013.09.07"]
[EventType "tourn"]
[EventRounds "11"]
[EventCountry "TRI"]
[SourceTitle "CBM 156 Extra"]
[Source "ChessBase"]
[SourceDate "2013.10.22"]
[SourceVersion "1"]
[SourceVersionDate "2013.10.22"]
[SourceQuality "1"]

1. e4 c6 2. d4 d5 3. exd5 cxd5 4. c4 Nf6 5. Nc3 Nc6 6. Nf3 Bg4 7. cxd5 Nxd5 8. Qb3 Bxf3 9. gxf3 e6 10. Qxb7 Nxd4 11. Bb5+ Nxb5 12. Qc6+ Ke7 13. Qxb5 Qd7 14. Nxd5+ Qxd5 15. Bg5+ f6 16. Qxd5 exd5 17. Be3 Ke6 18. 0-0-0 Bb4 19. a3 Ba5 20. b4 Bb6 21. Rhe1 Kd6 22. Bf4+ Kc6 23. Re6+ Kb5 24. Rxd5+ Ka4 25. Kb2 Rhe8 26. Re4 Rxe4 27. fxe4 a5 28. bxa5 Rxa5 29. Bd2 Rxd5 30. exd5 Bxf2 31. Bb4 Bd4+ 32. Kc2 Be5 33. h3 f5 34. Be7 Kb5 35. Kb3 f4 36. a4+ Kb6 37. Kc4 Kc7 38. a5 Kd7 39. a6 Bb8 40. Bc5 g5 41. Kd3 h5 42. Ke4 g4 43. hxg4 f3 44. a7 1-0

[Event "Barataria Qualifier1st"]
[Site "Barataria"]
[Date "2013.01.25"]
[Round "2"]
[White "Lee, Cecil"]
[Black "James, Keevin"]
[Result "1/2-1/2"]
[WhiteElo "1969"]
[BlackElo "1836"]
[PlyCount "88"]
[EventDate "2013.01.24"]
[EventType "swiss"]
[EventRounds "3"]
[EventCountry "TRI"]
[SourceTitle "EXT 2024"]
[Source "ChessBase"]
[SourceDate "2023.10.10"]
[SourceVersion "1"]
[SourceVersionDate "2023.10.10"]
[SourceQuality "1"]

1. c4 c5 2. g3 g6 3. Bg2 Bg7 4. Nc3 Nc6 5. d3 d6 6. e4 Nd4 7. Nge2 Bg4 8. Qa4+ Bd7 9. Qd1 Bg4 10. 0-0 Nf3+ 11. Bxf3 Bxf3 12. Qa4+ Kf8 13. h3 Qc8 14. Kh2 h5 15. Ng1 Bxc3 16. bxc3 Qg4 17. Nxf3 Qxf3 18. Qd1 Qf6 19. Qe2 h4 20. g4 e5 21. Rb1 b6 22. f4 Qe7 23. g5 exf4 24. Bxf4 Re8 25. Qg4 Qe6 26. Qxe6 Rxe6 27. Rf2 Rh7 28. a4 Ne7 29. Rbf1 Nc6 30. Rd1 Ke7 31. Kg2 Rh8 32. Re2 Ne5 33. d4 Nxc4 34. d5 Re5 35. Bxe5 Nxe5 36. Kf2 Rh5 37. Rg1 Kd7 38. Ke3 Kd8 39. Rf2 Kd7 40. Kd2 Ke7 41. Kc2 Ke8 42. Kb3 Ke7 43. c4 Kd7 44. Kc3 Ke7 1/2-1/2